000 00444nam a2200181Ia 4500
005 20240823060837.0
008 240823s9999||||xx |||||||||||||| ||und||
041 _aENGLISH
082 _A621.38804 Q4
100 _aGulati R R
245 0 _aMonochrome and Colour Television
250 _a3rd
260 _c2014
_bNew Age International Publi
500 _aTRANSFERED
650 _aMonochrome
_bElectronics
942 _cBK
999 _c232104
_d232104